[Event "SVK-ch op"]
[Site "Banska Stiavnica"]
[Date "2013.07.10"]
[Round "5"]
[White "Laho, Matus"]
[Black "Feldvabl, Vilem"]
[Result "0-1"]
[WhiteElo "1221"]
[BlackElo "1794"]
[PlyCount "102"]
[EventDate "2013.07.06"]
[EventType "swiss"]
[EventRounds "9"]
[EventCountry "SVK"]
[SourceTitle "CBM 155 Extra"]
[Source "ChessBase"]
[SourceDate "2013.08.26"]
[SourceVersion "1"]
[SourceVersionDate "2013.08.26"]
[SourceQuality "1"]

1. e4 e5 2. Nf3 Nf6 3. Nc3 Nc6 4. Bc4 Be7 5. d4 exd4 6. Nxd4 Bb4 7. Nxc6 Bxc3+ 8. bxc3 bxc6 9. f3 0-0 10. 0-0 d6 11. Bg5 h6 12. Bh4 Be6 13. Bd3 g5 14. Bf2 c5 15. c4 Nh5 16. g3 Ng7 17. Qe2 Rb8 18. Rab1 Qd7 19. g4 Qa4 20. Kg2 Rb6 21. c3 Rfb8 22. Rxb6 Rxb6 23. e5 Qc6 24. Rb1 d5 25. Rxb6 cxb6 26. cxd5 Bxd5 27. Be4 Bxe4 28. Qxe4 Qxe4 29. fxe4 Kf8 30. Bg3 Ne6 31. Kf3 c4 32. Ke3 Ke7 33. h4 Kd7 34. hxg5 hxg5 35. Be1 Kc6 36. Bd2 Kb5 37. Bc1 Ka4 38. Kf3 a5 39. Bxg5 Nxg5+ 40. Kf4 Nh7 41. Kf5 b5 42. g5 b4 43. g6 fxg6+ 44. Kxg6 Nf8+ 45. Kf7 Ne6 46. Kxe6 bxc3 47. Kf7 c2 48. e6 c1Q 49. e7 Qf4+ 50. Ke8 Qxe4 51. Kf7 c3 0-1